|
|
|
|
| LEADER |
00000nam0a2200000 4500 |
| 001 |
24412 |
| 005 |
20231030200213.0 |
| 010 |
|
|
|a 5851730811
|
| 035 |
|
|
|a (RuTPU)RU\TPU\book\24639
|
| 035 |
|
|
|a BOOK00002415
|
| 090 |
|
|
|a 24412
|
| 100 |
|
|
|a 20011209d2000 m y0rusy50 ca
|
| 101 |
0 |
|
|a rus
|
| 102 |
|
|
|a RU
|
| 105 |
|
|
|a y j 000zy
|
| 200 |
1 |
|
|a Управление персоналом
|e учебник для вузов
|f Под ред. Т. Ю. Базарова, Б. Л. Еремина
|
| 210 |
|
|
|a Москва
|c ЮНИТИ
|d 2000
|
| 215 |
|
|
|a 423 с.
|
| 451 |
|
1 |
|0 (RuTPU)RU\TPU\book\46642
|y 5-294-00117-9
|t Управление персоналом
|o учебное пособие
|f Т. Ю. Базаров
|c М.
|n Мастерство
|d 2002
|p 224 с.
|a Базаров, Тахир Юсупович
|
| 451 |
|
1 |
|0 (RuTPU)RU\TPU\book\12267
|y 5-85173-0811
|t Управление персоналом
|o учебник
|f Под ред. Т. Ю. Базарова, Б. Л. Еремина
|c М.
|n Банки и биржи
|n ЮНИТИ
|d 1998
|p 423 с.
|s Среднее профессиональное образование
|
| 610 |
1 |
|
|a экономика
|
| 610 |
1 |
|
|a персонал
|
| 610 |
1 |
|
|a кадры
|
| 610 |
1 |
|
|a управление
|
| 610 |
1 |
|
|a менеджмент
|
| 610 |
1 |
|
|a стратегии
|
| 610 |
1 |
|
|a технологии
|
| 610 |
1 |
|
|a организации
|
| 610 |
1 |
|
|a предприятия
|
| 610 |
1 |
|
|a учебники
|
| 686 |
|
|
|a У9(2)240я73
|v LBC/SL-A
|2 rubbk
|
| 702 |
|
1 |
|a Базаров
|b Т. Ю.
|g Тахир Юсупович
|4 340
|
| 702 |
|
1 |
|a Еремин
|b Б. Л.
|g Борис Львович
|4 340
|
| 801 |
|
0 |
|a RU
|b 63413507
|c 20011209
|g PSBO
|
| 801 |
|
2 |
|a RU
|b 63413507
|c 20091023
|g PSBO
|
| 942 |
|
|
|c BK
|